Efetividade de acesso ̉legt̕ima pelo registro civil

Bibliographic Details
Main Author: Valesi, Raquel Helena
Format: eBook
Language:Portuguese
Published: Rio de Janeiro: Editora Processo, 2019
Subjects:
Online Access:Acceso restringido

MARC

LEADER 00000nam a22000007a 4500
005 20220801234127.0
007 cr|||| ||||
008 220801s2019 br |||||s|||| 00||0 por d
020 |a 978-85-93741-30-2 
035 |a 36784 
040 |a vLex 
090 |c 13666  |d 13666 
100 1 |a Valesi, Raquel Helena 
245 1 0 |a Efetividade de acesso ̉legt̕ima pelo registro civil  |h [Recurso electrn̤ico] /  |c Raquel Helena Valesi 
256 |a Servicio en ln̕ea 
260 |a Rio de Janeiro:  |b Editora Processo,  |c 2019 
300 |a 1 recurso electrn̤ico 
500 |a Toda transformaȯ̂ da realidade social interessa ̉Cin̊cia do Direito por basear-se na realidade normativa. Nô h ̀possibilidade de se separar o direito ̉variaȯ̂ de comportamentos e regras. No caso do Direito de Faml̕ia ele foi um dos ramos do Direito Civil que mais sofreu alteraė̳s com o advento da Constituiȯ̂ de 1988. A Constituiȯ̂ condiciona proteȯ̂ jurd̕ica a qualquer forma de faml̕ia nô importando o modelo do qual ela se reveste. O vřtice legal ̌a proteȯ̂ ao nc︢leo familiar e que tem como ponto de partida, e tambm̌ seu třmino, a tutela da pessoa humana. Se ̌na faml̕ia que se promovem os valores afetivos e de solidariedade humana, nô se devem conferir tratamentos diferentes s̉ pessoas de seus membros, seja de uma filiaȯ̂ advinda de forma biolg̤ica, civil ou socioafetiva. Por isso, os princp̕ios inerentes ̉convivn̊cia familiar, baseada no afeto recp̕roco entre os integrantes deve se estender ao direito sucessr̤io de forma igualitr̀ia, sob pena de contrariar o ditame constitucional. Para atribuiȯ̂ do devido a cada um dos herdeiros necessr̀ios, seria importante haver mecanismo jurd̕ico de imediata refern̊cia ̉filiaȯ̂ que associasse os pais aos filhos biolg̤icos, adotivos ou socioafetivos, declarados ou reconhecidos, porque assim evitaria que alguns descendentes e sua estirpe nô tivessem acesso ao acervo hereditr̀io a que tenham direito, por heranȧ. Isso poder ̀ser feito pela anotaȯ̂ registrr̀ia dos descendentes em assento de nascimento dos pais, na forma apresentada nesta obra. 
506 1 |a Disponible solo en los productos indicados  |d vLex Global  |d vLex Global (Academic Edition, excluding Law Schools)  |d vLex Global (U.S. Academic Edition, Law Schools)  |d vLex Global (U.S. Academic Edition, excluding Law Schools)  |d vLex Global (Academic Edition, Law Schools) 
650 0 4 |a Derecho Civil  |z Brasil 
740 0 |a vLex Libros (Servicio en ln̕ea) 
856 4 0 |u https://app.vlex.com/#/sources/36784  |z Acceso restringido 
942 |c BOOK 
999 0 |a Civil Law